El siglo de Hannah Arendt

में बचाया:
ग्रंथसूची विवरण
मुख्य लेखक: Cruz, Manuel (लेखक)
स्वरूप: पुस्तक
भाषा:स्पेनिश
प्रकाशित: Barcelona Paidós Ibérica 2006
श्रृंखला:Paidós Básica
विषय:
टैग: टैग जोड़ें
कोई टैग नहीं, इस रिकॉर्ड को टैग करने वाले पहले व्यक्ति बनें!

MARC

LEADER 00000nam a2200000 a 4500
001 UCI2528
003 CL-VaPUC
008 070824e20060000SP |||||||||||||||||spa|d
020 |a 9788449319396 
082 0 4 |a 320.01  |b CRU  |2 21 
100 0 |a Cruz, Manuel  |e author  |9 523534 
245 1 3 |a El siglo de Hannah Arendt 
300 |a 138 p 
942 |c BK 
945 |d 20070824 00:00:00  |a jtorresc 
260 |a Barcelona  |b Paidós Ibérica  |c 2006 
600 0 7 |a ARENDT, HANNAH  |2 CL-VaPUC  |9 376197 
650 7 |a FILOSOFIA POLITICA  |2 CL-VaPUC  |9 523535 
583 |a last modification  |c 20070824 00:00:00  |k Rodrigo Vera 
490 0 |a Paidós Básica 
999 |c 327042  |d 327040 
952 |0 0  |1 0  |4 0  |6 320_010000000000000_CRU_2006  |7 0  |8 A  |9 409423  |a BIBEDU  |b BIBEDU  |d 2019-11-22  |i 4366123  |o 320.01 CRU 2006  |p 4366123  |r 2019-11-22  |w 2019-11-22  |y BK  |k FIL